000 00931nmc a2200313 a 4500
003 AR-BaBNM
005 20251128205615.0
008 298019s1997 ||||||||||||||000 | spa||
020 _a84-493-0439-3
040 _cAR-BaBNM
100 1 _aMolina, Lourdes
245 1 0 _aParticipar en contextos de aprendizaje y desarrollo
_bbases psicopedagógicas para proyectar y compartir situaciones educativas
250 _a1ª ed.
260 _aBarcelona
_bPaidós
_c1997
300 _a302 p.
_bgráfs.
490 0 _aPapeles de pedagogía
_vv. 32
504 _aBibliografía: p. 295-302
600 1 4 _aWallon, Henri
600 1 4 _aBruner, Jerome S.
600 1 4 _aVigotsky, Liev Semionovich
650 4 _aDESARROLLO DEL NINO
650 4 _aACTIVIDADES EN GRUPO
650 4 _aAPRENDIZAJE
650 4 _aPSICOLOGIA DE LA EDUCACION
651 4 _aEspaña
653 _aPSICOLOGIA SOCIOHISTORICA
942 _cBK
998 _carturo
999 _c12107
_d12107